[Event "XXIX Memorial Edoardo Crespi B"]
[Site "Milano ITA"]
[Date "2008.12.05"]
[Round "2"]
[White "De La Pena, Elmer"]
[Black "Oteri, Aldo"]
[Result "0-1"]
[WhiteElo "1890"]
[BlackElo "1831"]
[PlyCount "88"]
[EventDate "2008.12.04"]

1. d4 Nf6 2. c4 c5 3. Nf3 cxd4 4. Nxd4 Nc6 5. Nb5 a6 6. N5a3 e6 7. Bg5 Bc5 8.
e3 Bxa3 9. Bxf6 Qxf6 10. Nxa3 Qxb2 11. Qc1 Qb4+ 12. Ke2 O-O 13. Rb1 Qc5 14. f3
b5 15. Kf2 b4 16. Nc2 a5 17. Ne1 Ne5 18. Nd3 Nxd3+ 19. Bxd3 Ba6 20. Qc2 g6 21.
h4 Rac8 22. Rbc1 f5 23. g3 d5 24. h5 g5 25. Qa4 dxc4 26. h6 Qb5 27. Bc2 c3 28.
Qxb5 Bxb5 29. Rh5 Rf6 30. Rxg5+ Rg6 31. Rh5 Bc4 32. g4 Rd8 33. Kg3 Bxa2 34. Kf4
b3 35. gxf5 exf5 36. Bxf5 b2 37. Rxc3 Rf8 38. Ke5 Re8+ 39. Kf4 Rf6 40. Rg5+ Kh8
41. Rc7 Rxf5+ 42. Rxf5 b1=Q 43. Rfc5 Rf8+ 44. Ke5 Rf5+ 0-1

[Event "XXIX Memorial Edoardo Crespi B"]
[Site "Milano ITA"]
[Date "2008.12.05"]
[Round "2"]
[White "Fizzotti, Mario"]
[Black "Lanni, Vincenzo"]
[Result "1/2-1/2"]
[WhiteElo "1795"]
[BlackElo "1868"]
[PlyCount "93"]
[EventDate "2008.12.04"]

1. d4 g6 2. c4 Bg7 3. e4 d6 4. Nc3 Nf6 5. Nf3 O-O 6. Be2 c6 7. O-O Qc7 8. h3 e5
9. d5 Nbd7 10. Be3 c5 11. Qd2 a6 12. Bh6 Re8 13. Bxg7 Kxg7 14. a3 Nf8 15. b4 b6
16. Ne1 Rb8 17. b5 Qe7 18. a4 a5 19. Nd3 h6 20. Ra3 g5 21. Qe3 Ng6 22. Kh2 Nf4
23. Rh1 Nh7 24. Bg4 Nf6 25. Bxc8 Rbxc8 26. Kg1 N6h5 27. g3 Nxd3 28. Qxd3 Nf6
29. Nd1 Kg6 30. Qf3 Qd7 31. Ne3 Rh8 32. Qf5+ Qxf5 33. Nxf5 Rcd8 34. f3 Nh5 35.
Kf2 Ng7 36. Ne7+ Kf6 37. Nc6 Rde8 38. Ke3 Kg6 39. Ra2 f5 40. Rg2 f4+ 41. Ke2
Nh5 42. Ke1 fxg3 43. h4 gxh4 44. Rxh4 Rhf8 45. Rg4+ Kh7 46. Rh4 Kg6 47. Rg4+
1/2-1/2

[Event "XXIX Memorial Edoardo Crespi B"]
[Site "Milano ITA"]
[Date "2008.12.05"]
[Round "2"]
[White "Gandolfi, Attilio"]
[Black "Delledonne, Francesco"]
[Result "1/2-1/2"]
[WhiteElo "1844"]
[BlackElo "1938"]
[PlyCount "84"]
[EventDate "2008.12.04"]

1. c4 c6 2. Nc3 d5 3. cxd5 cxd5 4. d4 Nf6 5. e3 Nc6 6. a3 Bf5 7. Bd3 Bxd3 8.
Qxd3 e6 9. Nf3 Bd6 10. O-O Rc8 11. Bd2 O-O 12. Rfe1 Re8 13. Rac1 Bb8 14. h3 h6
15. b4 Nd7 16. Ne2 Qf6 17. b5 Ne7 18. e4 Rxc1 19. Rxc1 dxe4 20. Qxe4 Nd5 21.
Nc3 N7b6 22. Nxd5 Nxd5 23. a4 Qe7 24. Qd3 Qd7 25. Ne5 Bxe5 26. dxe5 Rc8 27. Rc4
Rxc4 28. Qxc4 Qc7 29. Qxc7 Nxc7 30. f4 Nd5 31. Kf2 Kh7 32. Ke2 Kg6 33. Kd3 Kh5
34. g3 g5 35. fxg5 hxg5 36. Kd4 b6 37. a5 g4 38. h4 Kg6 39. a6 Kh7 40. Bc1 Ne7
41. Ke4 Nd5 42. Kd4 Ne7 1/2-1/2

[Event "XXIX Memorial Edoardo Crespi B"]
[Site "Milano ITA"]
[Date "2008.12.05"]
[Round "2"]
[White "Guerra, Efrain"]
[Black "Bisignano, Riccardo"]
[Result "1-0"]
[WhiteElo "1941"]
[BlackElo "1891"]
[PlyCount "61"]
[EventDate "2008.12.04"]

1. e4 c5 2. c3 d5 3. Nf3 Nc6 4. exd5 Qxd5 5. h3 e5 6. Bb5 Bd7 7. O-O Bd6 8. Qe2
Qe6 9. Re1 Nge7 10. d3 h6 11. Nbd2 Bc7 12. Ne4 b6 13. Bc4 Qg6 14. Nh4 Qh7 15.
Qh5 Nd8 16. d4 Bf5 17. Ng3 g6 18. Qf3 Rb8 19. Nhxf5 gxf5 20. Nh5 Qg6 21. dxe5
Qc6 22. Nf6+ Kf8 23. Qh5 Kg7 24. Bf4 b5 25. Bb3 c4 26. Bc2 Qe6 27. Rad1 Ndc6
28. Re3 Bxe5 29. Bxe5 Nxe5 30. Nd7 Qg6 31. Rg3 1-0

[Event "XXIX Memorial Edoardo Crespi B"]
[Site "Milano ITA"]
[Date "2008.12.05"]
[Round "2"]
[White "Iacchetti, Giovanni"]
[Black "Moreschi, Mauro"]
[Result "0-1"]
[WhiteElo "1889"]
[BlackElo "1866"]
[PlyCount "92"]
[EventDate "2008.12.04"]

1. b3 b5 2. Bb2 Nf6 3. e3 Bb7 4. Nf3 b4 5. Be2 d6 6. d4 Nbd7 7. Nbd2 g6 8. O-O
Bg7 9. Ng5 h6 10. Nh3 g5 11. Nc4 a5 12. f3 Nd5 13. e4 Nc3 14. Bxc3 bxc3 15. Qd3
c5 16. e5 dxe5 17. dxe5 Nxe5 18. Qxd8+ Kxd8 19. Rad1+ Kc7 20. Na3 Rad8 21. Nb5+
Kb6 22. a4 Nc6 23. Bc4 Nd4 24. Bd3 Nxb5 25. Bxb5 Ba6 26. Bxa6 Kxa6 27. Nf2 Bd4
28. Rd3 Bxf2+ 29. Kxf2 Rxd3 30. cxd3 Rb8 31. Rc1 Rxb3 32. Ke3 f5 33. d4 Kb6 34.
d5 Kc7 35. Kd3 Kd6 36. Re1 Kxd5 37. Rxe7 c4+ 38. Kc2 Kc5 39. Re5+ Kb4 40. Rxf5
Rb2+ 41. Kc1 Rxg2 42. h4 Kb3 43. Rb5+ Kxa4 44. Rb6 gxh4 45. Rxh6 Rf2 46. Rxh4
Kb3 0-1

[Event "XXIX Memorial Edoardo Crespi B"]
[Site "Milano ITA"]
[Date "2008.12.05"]
[Round "2"]
[White "Kimbin, Richard Conrod"]
[Black "Regorda, Massimiliano"]
[Result "0-1"]
[WhiteElo "1697"]
[BlackElo "1898"]
[PlyCount "62"]
[EventDate "2008.12.04"]

1. Nf3 d5 2. g3 Nf6 3. Bg2 e6 4. d3 Be7 5. Nbd2 c5 6. c4 O-O 7. O-O Nc6 8. b3
d4 9. Ng5 h6 10. Nge4 Nxe4 11. Nxe4 f5 12. Nd2 g5 13. Nf3 g4 14. Ne1 Bg5 15. e4
Bxc1 16. Rxc1 h5 17. h4 f4 18. f3 fxg3 19. fxg4 Rxf1+ 20. Kxf1 Qxh4 21. gxh5
Bd7 22. Ke2 Qxh5+ 23. Bf3 Qh2+ 24. Ng2 Ne5 25. Qh1 Nxf3 26. Kxf3 Rf8+ 27. Kg4
e5+ 28. Kg5 Qxh1 29. Rxh1 Rf2 30. Rg1 Bh3 31. Ne1 g2 0-1

[Event "XXIX Memorial Edoardo Crespi B"]
[Site "Milano ITA"]
[Date "2008.12.05"]
[Round "2"]
[White "Margstahler, Francesco"]
[Black "Regorda, Vittorio"]
[Result "1-0"]
[WhiteElo "1768"]
[BlackElo "1860"]
[PlyCount "82"]
[EventDate "2008.12.04"]

1. e4 c6 2. d4 d5 3. exd5 cxd5 4. c4 Nf6 5. Nc3 a6 6. Bg5 dxc4 7. Bxf6 exf6 8.
Bxc4 b5 9. Qe2+ Qe7 10. Qxe7+ Bxe7 11. Nd5 bxc4 12. Nc7+ Kd8 13. Nxa8 Nd7 14.
Rc1 Bb7 15. f3 Bxa8 16. Rxc4 Bd5 17. Ra4 a5 18. a3 Kc7 19. Rxa5 Nb6 20. Ne2 Bd6
21. Kf2 Kb7 22. Nc3 Bc4 23. Re1 Rc8 24. Ne4 Bf8 25. Nc5+ Kc6 26. Rc1 Re8 27.
Ne4 Kb7 28. Rc5 g6 29. R5xc4 Nxc4 30. Rxc4 f5 31. Nc5+ Kc6 32. Ra4 Kd5 33. b3
Bg7 34. Nd3 Bxd4+ 35. Kf1 Re3 36. Ra5+ Kd6 37. Nb4 Bc5 38. Ra6+ Ke5 39. Ra5 Rc3
40. Rxc5+ Kd4 41. Rxc3 Kxc3 1-0

[Event "XXIX Memorial Edoardo Crespi B"]
[Site "Milano ITA"]
[Date "2008.12.05"]
[Round "2"]
[White "Mei, Gianluca"]
[Black "Cani, Gazmir"]
[Result "0-1"]
[WhiteElo "1917"]
[BlackElo "1867"]
[PlyCount "74"]
[EventDate "2008.12.04"]

1. e4 Nf6 2. Nc3 d5 3. exd5 Nxd5 4. Bc4 Nb6 5. Bb3 Nc6 6. d3 Bf5 7. Nf3 e6 8.
Bf4 Be7 9. Qd2 Bf6 10. h3 h6 11. O-O g5 12. Be3 g4 13. hxg4 Bxg4 14. Nh2 Bf5
15. a4 a5 16. Nf3 Bg4 17. Nh2 h5 18. Ne4 Rg8 19. Nxf6+ Qxf6 20. Rfe1 Bh3 21. g3
h4 22. Bf4 O-O-O 23. Qe3 Rd4 24. Kh1 e5 25. Bxe5 Nxe5 26. Qxe5 Qxf2 27. Re2
Qxg3 28. Qxd4 Bg2+ 29. Kg1 Bf3+ 30. Kf1 Bxe2+ 31. Kxe2 Qxh2+ 32. Kf3 Qg2+ 33.
Ke3 Re8+ 34. Kf4 Qg3+ 35. Kf5 Qf3+ 36. Qf4 Qh5+ 37. Qg5 Re5+ 0-1

[Event "XXIX Memorial Edoardo Crespi B"]
[Site "Milano ITA"]
[Date "2008.12.05"]
[Round "2"]
[White "Murli, Almerico"]
[Black "Landais, Federico"]
[Result "0-1"]
[WhiteElo "1842"]
[BlackElo "1888"]
[PlyCount "158"]
[EventDate "2008.12.04"]

1. e4 c6 2. d4 d5 3. exd5 cxd5 4. c4 Nf6 5. Nc3 g6 6. Qb3 Bg7 7. cxd5 O-O 8.
Be2 Nbd7 9. Bf3 Nb6 10. Nge2 Bf5 11. O-O Bd3 12. Bg5 Bc4 13. Qb4 a5 14. Qa3
Nbxd5 15. Nxd5 Bxd5 16. Rfd1 h6 17. Bh4 Bxf3 18. Qxf3 Qd5 19. Qxd5 Nxd5 20.
Rac1 Rfd8 21. Nc3 g5 22. Bg3 e6 23. Nb5 Rac8 24. Rxc8 Rxc8 25. Be5 Rc2 26. Bxg7
Kxg7 27. Rb1 Nb4 28. Na3 Rd2 29. Nc4 Rxd4 30. Nxa5 Nxa2 31. Nxb7 Rb4 32. Nc5
Nc3 33. Nd3 Rb3 34. Re1 Na4 35. Ne5 Rxb2 36. Kf1 Nc3 37. Nc4 Ra2 38. f3 Nd5 39.
Nd6 Nf4 40. g3 Nd3 41. Re2 Ra1+ 42. Kg2 Rd1 43. Ne4 Ra1 44. Rd2 Ne5 45. Re2 g4
46. fxg4 Nxg4 47. h3 Ne5 48. Nd6 Nd3 49. Rd2 Ra3 50. Nc4 Rc3 51. Nd6 Ne1+ 52.
Kf2 Nd3+ 53. Kg2 Kg6 54. Ne4 Ra3 55. Nd6 h5 56. Nc4 Rc3 57. Rxd3 Rxc4 58. Kf3
f6 59. g4 hxg4+ 60. hxg4 e5 61. Rd8 Rf4+ 62. Kg3 Rf1 63. Kg2 Rf4 64. Kg3 Kf7
65. Rd7+ Ke6 66. Rg7 Kd5 67. g5 f5 68. g6 Rg4+ 69. Kf2 Ke6 70. Rg8 Kf6 71. Rd8
Rxg6 72. Rf8+ Kg5 73. Re8 Kf4 74. Ra8 Rb6 75. Ra4+ e4 76. Ra3 Rb2+ 77. Ke1 e3
78. Ra5 Ke4 79. Ra4+ Kf3 0-1

[Event "XXIX Memorial Edoardo Crespi B"]
[Site "Milano ITA"]
[Date "2008.12.05"]
[Round "2"]
[White "Olivo, Mario"]
[Black "Silari, Andrea"]
[Result "1/2-1/2"]
[WhiteElo "1878"]
[BlackElo "1810"]
[PlyCount "92"]
[EventDate "2008.12.04"]

1. Nf3 Nf6 2. g3 d5 3. Bg2 c5 4. d3 Nc6 5. Nbd2 e5 6. O-O Bd6 7. Re1 O-O 8. e4
d4 9. Nh4 Bg4 10. f3 Bh5 11. Nf5 Bc7 12. g4 Bg6 13. Nf1 Bxf5 14. exf5 Nd5 15.
Ng3 Nf4 16. Ne4 b6 17. a3 a5 18. Bxf4 exf4 19. Qe2 Re8 20. Qf2 g5 21. fxg6 fxg6
22. g5 Be5 23. Re2 Qd7 24. Qh4 Ne7 25. Bh3 Nf5 26. Bxf5 Qxf5 27. Rae1 Rec8 28.
Nf2 Bg7 29. Ng4 Rf8 30. Re7 Rf7 31. R1e5 Rxe7 32. Rxe7 Rf8 33. Nh6+ Bxh6 34.
Qxh6 Rf7 35. Re8+ Rf8 36. Rxf8+ Qxf8 37. Qxf8+ Kxf8 38. Kg2 Kf7 39. Kh3 Ke6 40.
Kg4 Ke5 41. a4 Kd5 42. b3 c4 43. Kxf4 cxd3 44. cxd3 Kc5 45. Ke4 Kb4 46. Kxd4
Kxb3 1/2-1/2

[Event "XXIX Memorial Edoardo Crespi B"]
[Site "Milano ITA"]
[Date "2008.12.05"]
[Round "2"]
[White "Pasquotto, Mirko"]
[Black "Papale, Carmelo"]
[Result "1-0"]
[WhiteElo "1921"]
[BlackElo "1889"]
[PlyCount "63"]
[EventDate "2008.12.04"]

1. d4 Nf6 2. c4 c5 3. d5 b5 4. Nf3 d6 5. Nbd2 Qa5 6. Qc2 bxc4 7. e4 Ba6 8. Bxc4
Bxc4 9. Qxc4 g6 10. O-O Bg7 11. Qe2 O-O 12. Nc4 Qa6 13. Bg5 Nbd7 14. Rfe1 Rab8
15. Nfd2 Rb4 16. f4 Rfb8 17. Rac1 h5 18. h3 Kf8 19. b3 Nh7 20. Nf3 Nb6 21. e5
Nxg5 22. Nxg5 Nxc4 23. Rxc4 Rxc4 24. bxc4 Rb4 25. e6 Bd4+ 26. Kh1 f5 27. Qf3
Qxa2 28. Qg3 Bf2 29. Nh7+ Kg7 30. Qg5 Rb7 31. Nf8 Qb2 32. Qxg6+ 1-0

[Event "XXIX Memorial Edoardo Crespi B"]
[Site "Milano ITA"]
[Date "2008.12.05"]
[Round "2"]
[White "Piantoni, Pierino"]
[Black "Carbone, Lorenzo"]
[Result "1-0"]
[WhiteElo "1935"]
[BlackElo "1817"]
[PlyCount "43"]
[EventDate "2008.12.04"]

1. c4 c5 2. Nc3 Nc6 3. Nf3 Nf6 4. e3 e6 5. d4 cxd4 6. exd4 Bb4 7. Bd3 O-O 8.
O-O b6 9. Qc2 h6 10. a3 Be7 11. d5 Na5 12. b4 Nb7 13. Bb2 a5 14. Qb3 d6 15.
dxe6 Bxe6 16. Nd4 Qd7 17. Rae1 Rfe8 18. Nxe6 fxe6 19. c5 d5 20. Bb5 Qc8 21.
Bxe8 Nxe8 22. Nxd5 1-0

[Event "XXIX Memorial Edoardo Crespi B"]
[Site "Milano ITA"]
[Date "2008.12.05"]
[Round "2"]
[White "Pulvirenti, Gianni"]
[Black "Di Paola, Antonio"]
[Result "1-0"]
[WhiteElo "1945"]
[BlackElo "1748"]
[PlyCount "61"]
[EventDate "2008.12.04"]

1. d4 Nf6 2. Nf3 e6 3. c4 b6 4. e3 Bb7 5. Bd3 Be7 6. Nc3 O-O 7. O-O d5 8. Qe2
c5 9. cxd5 exd5 10. dxc5 bxc5 11. Rd1 Nc6 12. b3 Nb4 13. Bb1 Ba6 14. Qe1 d4 15.
exd4 cxd4 16. Nxd4 Qc7 17. a3 Nbd5 18. Nxd5 Nxd5 19. Bb2 Bd6 20. Nf3 Rfe8 21.
Qd2 Rad8 22. Qc2 Qxc2 23. Bxc2 Nf4 24. Re1 Be2 25. b4 Rc8 26. Ba4 Re7 27. Nd4
Be5 28. Nf5 Re6 29. Bxe5 Rxe5 30. Ng3 Nd3 31. Rxe2 1-0

[Event "XXIX Memorial Edoardo Crespi B"]
[Site "Milano ITA"]
[Date "2008.12.05"]
[Round "2"]
[White "Quagliarella, Sabino Remo"]
[Black "Bettini, Massimo"]
[Result "1-0"]
[WhiteElo "1978"]
[BlackElo "1842"]
[PlyCount "45"]
[EventDate "2008.12.04"]

1. d4 Nf6 2. Nf3 d6 3. g3 Bf5 4. Bg2 Nc6 5. c3 e6 6. O-O Be7 7. Re1 Ne4 8. Nfd2
Ng5 9. e4 Bh3 10. f4 Bxg2 11. Kxg2 h6 12. fxg5 hxg5 13. Nf1 Qd7 14. Qg4 O-O-O
15. Bxg5 f5 16. exf5 exf5 17. Qf4 Bxg5 18. Qxg5 f4 19. gxf4 Qh3+ 20. Kh1 Rh4
21. Qg2 Qf5 22. Ng3 Qf6 23. Nd2 1-0

[Event "XXIX Memorial Edoardo Crespi B"]
[Site "Milano ITA"]
[Date "2008.12.05"]
[Round "2"]
[White "Scarpellini, Felice"]
[Black "Guzzetti, Luigi Enrico"]
[Result "1/2-1/2"]
[WhiteElo "1849"]
[BlackElo "1862"]
[PlyCount "90"]
[EventDate "2008.12.04"]

1. c4 Nf6 2. Nc3 g6 3. g3 Bg7 4. Bg2 O-O 5. e4 d6 6. Nge2 Nc6 7. O-O e5 8. d3
Bd7 9. f4 Qc8 10. Nd5 Nxd5 11. cxd5 Ne7 12. Nc3 b5 13. a3 a5 14. fxe5 Bxe5 15.
d4 Bg7 16. Bf4 b4 17. Ne2 bxa3 18. bxa3 Rb8 19. Rc1 Rb2 20. Bxd6 cxd6 21. Rxc8
Rxc8 22. Nc1 Rcc2 23. Qf3 Rxg2+ 24. Qxg2 Rxg2+ 25. Kxg2 Bxd4 26. Nb3 Bb6 27.
Rb1 Ba4 28. Nd2 Bc5 29. Nc4 Bc2 30. Rb8+ Kg7 31. Kf3 a4 32. Rd8 Ng8 33. Nxd6
Nf6 34. e5 Bd1+ 35. Kg2 Nxd5 36. Ne8+ Kf8 37. Rxd5 Bxa3 38. Rxd1 Kxe8 39. Ra1
Bb2 40. Rxa4 Bxe5 41. Re4 f6 42. g4 Kf7 43. g5 Ke6 44. gxf6 Kxf6 45. h3 Kf5
1/2-1/2

[Event "XXIX Memorial Edoardo Crespi B"]
[Site "Milano ITA"]
[Date "2008.12.05"]
[Round "2"]
[White "Trent, Alan M."]
[Black "Marino, Marco"]
[Result "0-1"]
[WhiteElo "1867"]
[BlackElo "1797"]
[PlyCount "68"]
[EventDate "2008.12.04"]

1. e4 c5 2. Nf3 e6 3. d4 cxd4 4. c3 dxc3 5. Nxc3 a6 6. Bc4 b5 7. Bb3 d6 8. O-O
Ra7 9. Qe2 Nc6 10. Rd1 Rd7 11. Be3 Nf6 12. Rac1 Bb7 13. e5 dxe5 14. Rxd7 Qxd7
15. Rd1 Qc7 16. a4 b4 17. Na2 Be7 18. Rc1 Qb8 19. Bc4 Qa8 20. Bb6 O-O 21. Nxe5
Nxe5 22. Qxe5 Bxg2 23. Qg3 Bd5 24. Ba5 Ne4 25. Qc7 Bd6 26. Bxd5 Qxd5 27. Qb6
Qg5+ 28. Kf1 b3 29. Qxb3 Qxa5 30. Qd1 Qf5 31. f3 Qh3+ 32. Ke2 Qxh2+ 33. Ke3
Bf4+ 34. Kxe4 f5+ 0-1

[Event "XXIX Memorial Edoardo Crespi B"]
[Site "Milano ITA"]
[Date "2008.12.06"]
[Round "3"]
[White "Alidosi, Marco"]
[Black "Cardani, Roberto"]
[Result "0-1"]
[WhiteElo "1794"]
[BlackElo "1900"]
[PlyCount "104"]
[EventDate "2008.12.04"]

1. Nf3 Nf6 2. g3 d5 3. Bg2 c6 4. d3 Bg4 5. Nbd2 Nbd7 6. e4 e5 7. O-O dxe4 8.
dxe4 Bc5 9. Qe1 O-O 10. Nc4 Re8 11. b4 Bf8 12. Bb2 Qc7 13. h3 Bh5 14. Nh4 b5
15. Ne3 a5 16. c3 Nb6 17. g4 Bg6 18. Nxg6 hxg6 19. a3 Red8 20. Qe2 Ne8 21. bxa5
Na4 22. c4 Nxb2 23. Qxb2 Rxa5 24. Qc3 Rxa3 25. Qb2 b4 26. Nc2 Rd2 27. Rxa3 bxa3
28. Qc3 Qd6 29. Na1 Qd4 30. Qxd4 Rxd4 31. Rc1 Nd6 32. Bf1 Nxe4 33. Nb3 Rd8 34.
Ra1 Bb4 35. Be2 c5 36. Kg2 Nc3 37. Bf1 Kf8 38. Kf3 Ke7 39. Ke3 Ke6 40. f4 Rd1
41. f5+ gxf5 42. gxf5+ Kxf5 43. Bd3+ Ke6 44. Rxd1 Nxd1+ 45. Kf3 f5 46. Bf1 g5
47. Ke2 Nb2 48. Ke3 Na4 49. Nc1 Bc3 50. Bd3 Bd4+ 51. Kd2 Nc3 52. Bc2 a2 0-1

[Event "XXIX Memorial Edoardo Crespi B"]
[Site "Milano ITA"]
[Date "2008.12.06"]
[Round "3"]
[White "Bettini, Massimo"]
[Black "De La Pena, Elmer"]
[Result "1-0"]
[WhiteElo "1842"]
[BlackElo "1890"]
[PlyCount "47"]
[EventDate "2008.12.04"]

1. e4 c5 2. Nf3 Nc6 3. d4 cxd4 4. Nxd4 g6 5. Nc3 Bg7 6. Be3 Nf6 7. Bc4 O-O 8.
f3 d6 9. Qd2 Nxd4 10. Bxd4 Bd7 11. O-O-O Rc8 12. Bb3 a6 13. h4 Be6 14. h5 Bxb3
15. axb3 Qa5 16. Kb1 Rfe8 17. hxg6 hxg6 18. g4 b5 19. Qh2 b4 20. Nd5 Qb5 21.
Rd3 Rc6 22. f4 e5 23. Rh3 Kf8 24. Rh8+ 1-0

[Event "XXIX Memorial Edoardo Crespi B"]
[Site "Milano ITA"]
[Date "2008.12.06"]
[Round "3"]
[White "Bisignano, Giuseppe"]
[Black "Coladangelo, Andrea"]
[Result "1-0"]
[WhiteElo "1903"]
[BlackElo "1893"]
[PlyCount "100"]
[EventDate "2008.12.04"]

1. e4 c5 2. Nc3 Nc6 3. Nf3 g6 4. d4 cxd4 5. Nxd4 Bg7 6. Be3 d6 7. Be2 Nf6 8.
O-O O-O 9. f4 Qb6 10. Qd3 Ng4 11. Nd5 Bxd4 12. Nxb6 Bxe3+ 13. Kh1 Bxb6 14. Bxg4
Bxg4 15. h3 Be6 16. f5 Ne5 17. Qg3 Bc4 18. Rf4 h6 19. Rd1 g5 20. b3 Kh7 21. f6
Rg8 22. Rf2 Bxf2 23. Qxf2 Be6 24. fxe7 Rge8 25. Rxd6 Rxe7 26. Qf6 Ng6 27. Kh2
Rf8 28. g3 Rd7 29. e5 Rfd8 30. Qxd8 Rxd8 31. Rxd8 Nxe5 32. g4 Nxg4+ 33. hxg4
Bxg4 34. c4 Kg6 35. a4 Bf3 36. Rd6+ f6 37. a5 a6 38. Kg3 Bc6 39. Rxc6 bxc6 40.
b4 f5 41. b5 cxb5 42. cxb5 f4+ 43. Kf2 g4 44. bxa6 g3+ 45. Kf3 Kg5 46. a7 Kh4
47. a8=Q Kh3 48. Qg8 h5 49. Qg5 h4 50. Qg4+ Kh2 1-0

[Event "XXIX Memorial Edoardo Crespi B"]
[Site "Milano ITA"]
[Date "2008.12.06"]
[Round "3"]
[White "Bisignano, Riccardo"]
[Black "Margstahler, Francesco"]
[Result "0-1"]
[WhiteElo "1891"]
[BlackElo "1768"]
[PlyCount "59"]
[EventDate "2008.12.04"]

1. e4 c6 2. d4 d5 3. exd5 cxd5 4. c4 Nf6 5. Nc3 e6 6. Bg5 Be7 7. Nf3 O-O 8. Bd3
dxc4 9. Bxc4 Nbd7 10. O-O Nb6 11. Bb3 Nbd5 12. Qd3 Re8 13. Rfe1 a6 14. Rad1 b5
15. Ne5 Nxc3 16. bxc3 Qc7 17. Bc2 g6 18. Bxf6 Bxf6 19. Qf3 Bxe5 20. Qxa8 Bxh2+
21. Kh1 Kf8 22. Qf3 Bb7 23. Qh3 Bd6 24. Qxh7 f5 25. Qh8+ Kf7 26. Qh7+ Kf6 27.
Qh4+ Kg7 28. Kg1 Rh8 29. Qxh8+ Kxh8 30. Rxe6 0-1

[Event "XXIX Memorial Edoardo Crespi B"]
[Site "Milano ITA"]
[Date "2008.12.06"]
[Round "3"]
[White "Cani, Gazmir"]
[Black "Pasquotto, Mirko"]
[Result "1-0"]
[WhiteElo "1867"]
[BlackElo "1921"]
[PlyCount "49"]
[EventDate "2008.12.04"]

1. e4 c5 2. Nf3 d6 3. c3 Nf6 4. Be2 Nc6 5. d4 Bg4 6. O-O g6 7. d5 Bxf3 8. Bxf3
Ne5 9. Be2 Bg7 10. f4 Ned7 11. Qc2 O-O 12. Nd2 a6 13. a4 b5 14. axb5 axb5 15.
Rxa8 Qxa8 16. Bxb5 Qb7 17. Be2 Nb6 18. Nc4 Ra8 19. e5 dxe5 20. Qb3 Rb8 21. fxe5
Nfxd5 22. Nxb6 e6 23. Rd1 Bxe5 24. Rxd5 c4 25. Rd7 1-0

[Event "XXIX Memorial Edoardo Crespi B"]
[Site "Milano ITA"]
[Date "2008.12.06"]
[Round "3"]
[White "Carbone, Lorenzo"]
[Black "Trent, Alan M."]
[Result "0-1"]
[WhiteElo "1817"]
[BlackElo "1867"]
[PlyCount "142"]
[EventDate "2008.12.04"]

1. e4 c6 2. c4 g6 3. Nf3 Bg7 4. Nc3 d6 5. h3 Nd7 6. d4 Rb8 7. Be2 Nh6 8. O-O
O-O 9. Be3 f5 10. Qd2 fxe4 11. Nxe4 Nf7 12. Nfg5 Nf6 13. Nxf6+ exf6 14. Nf3 b6
15. Rad1 Re8 16. Rfe1 Bb7 17. Bf1 Qc7 18. b4 Re7 19. c5 bxc5 20. dxc5 d5 21.
Bf4 Ne5 22. Nxe5 fxe5 23. Bg5 Ree8 24. Qe3 Rf8 25. a3 Rbe8 26. Qb3 Qf7 27. Bh4
e4 28. Bg3 Qf5 29. a4 Be5 30. b5 Bxg3 31. Qxg3 Rc8 32. Qe3 Qf4 33. Qd4 Qf6 34.
Qe3 Rf7 35. Rd2 Rd8 36. Ree2 Kg7 37. Qd4 Qxd4 38. Rxd4 Rf4 39. g3 Rf3 40. Rdd2
a5 41. Bg2 Ra3 42. Ra2 Rb3 43. Reb2 Rc3 44. Rc2 Rxc2 45. Rxc2 Kf6 46. Rb2 Ke5
47. Rd2 d4 48. Re2 cxb5 49. axb5 d3 50. Rd2 Kd4 51. c6 Kc3 52. Rd1 Kc2 53. Ra1
Kb2 54. Rd1 Kc2 55. Ra1 Re8 56. cxb7 Kb2 57. Rd1 a4 58. Bxe4 a3 59. Bd5 Kc2 60.
Ra1 d2 61. Kf1 d1=Q+ 62. Rxd1 Kxd1 63. f4 Rb8 64. Kf2 Kd2 65. Kf3 Rxb7 66. g4
Rxb5 67. Be6 Ra5 68. f5 gxf5 69. gxf5 Rxf5+ 70. Kg4 Ra5 71. Ba2 Kc2 0-1

[Event "XXIX Memorial Edoardo Crespi B"]
[Site "Milano ITA"]
[Date "2008.12.06"]
[Round "3"]
[White "Cerioni, Armando"]
[Black "Arboscelli, Gregorio"]
[Result "1-0"]
[WhiteElo "1976"]
[BlackElo "1898"]
[PlyCount "37"]
[EventDate "2008.12.04"]

1. e4 e5 2. Bc4 Nf6 3. d4 Nxe4 4. dxe5 Nc5 5. Nf3 Be7 6. Nc3 c6 7. O-O O-O 8.
b4 Nca6 9. Ne4 Nxb4 10. Nd6 b5 11. Bb3 a5 12. a3 N4a6 13. Bb2 Nc5 14. Nd4 Nxb3
15. cxb3 Bxd6 16. exd6 Qf6 17. Qc2 Qg6 18. Nf5 Kh8 19. Bxg7+ 1-0

[Event "XXIX Memorial Edoardo Crespi B"]
[Site "Milano ITA"]
[Date "2008.12.06"]
[Round "3"]
[White "Ciciotti, Augusto"]
[Black "Fizzotti, Mario"]
[Result "1-0"]
[WhiteElo "1900"]
[BlackElo "1795"]
[PlyCount "73"]
[EventDate "2008.12.04"]

1. d4 Nf6 2. c4 e6 3. Nf3 b6 4. g3 Ba6 5. Qc2 c5 6. Bg2 Bb7 7. d5 exd5 8. Nh4
Be7 9. Nc3 O-O 10. O-O Na6 11. cxd5 d6 12. e4 Nd7 13. Nf5 Nc7 14. Bf4 Nf6 15.
Rad1 Bc8 16. e5 Bxf5 17. Qxf5 Nfe8 18. Ne4 Nb5 19. Qg4 f5 20. exf6 Nxf6 21.
Qe6+ Kh8 22. Ng5 Qe8 23. Rfe1 Ng8 24. Nxh7 Kxh7 25. Qh3+ Nh6 26. Be4+ Kg8 27.
Bxh6 gxh6 28. Qe6+ Qf7 29. Qxh6 Qxf2+ 30. Kh1 Qf7 31. Qh3 Nd4 32. Rf1 Qg7 33.
Rf4 Rxf4 34. gxf4 Kf7 35. Qh5+ Kf8 36. Rg1 Qf6 37. Qh7 1-0

[Event "XXIX Memorial Edoardo Crespi B"]
[Site "Milano ITA"]
[Date "2008.12.06"]
[Round "3"]
[White "Delledonne, Francesco"]
[Black "Casale, Anania"]
[Result "1/2-1/2"]
[WhiteElo "1938"]
[BlackElo "1744"]
[PlyCount "44"]
[EventDate "2008.12.04"]

1. d4 Nf6 2. c4 e6 3. Nf3 b6 4. a3 Bb7 5. Nc3 d5 6. cxd5 exd5 7. Bg5 Be7 8. e3
O-O 9. Bd3 Nbd7 10. O-O a6 11. Rc1 c5 12. Bb1 Ne4 13. Bf4 Ndf6 14. h3 h6 15.
Ne2 Rc8 16. Bh2 c4 17. Ng3 Bd6 18. Nxe4 Bxh2+ 19. Kxh2 Nxe4 20. Ne5 Qd6 21. Kg1
f5 22. f4 c3 1/2-1/2

[Event "XXIX Memorial Edoardo Crespi B"]
[Site "Milano ITA"]
[Date "2008.12.06"]
[Round "3"]
[White "Di Paola, Antonio"]
[Black "Olivo, Mario"]
[Result "0-1"]
[WhiteElo "1748"]
[BlackElo "1878"]
[PlyCount "158"]
[EventDate "2008.12.04"]

1. d4 Nf6 2. c4 e6 3. Nc3 Bb4 4. e3 b6 5. Bd3 Bb7 6. Nf3 Bxc3+ 7. bxc3 O-O 8.
O-O d6 9. Qe2 Nc6 10. e4 e5 11. h3 Re8 12. Bg5 h6 13. Bh4 Qe7 14. d5 Na5 15.
Nd2 g5 16. Bg3 Nd7 17. h4 Nc5 18. hxg5 hxg5 19. Qe3 f6 20. f3 Kg7 21. Kf2 Rh8
22. Rh1 Qd7 23. Bc2 Ba6 24. Bb3 Na4 25. Rad1 Rxh1 26. Rxh1 Rh8 27. Rxh8 Kxh8
28. Qd3 Nb7 29. Qc2 Nac5 30. Nf1 Na5 31. Ne3 Qh7 32. Kg1 Bc8 33. Ba4 Nxa4 34.
Qxa4 Bd7 35. Qb4 Nb7 36. Qa3 a5 37. Qb2 Nc5 38. Qd2 Be8 39. Ng4 Qg6 40. Bf2 Nb7
41. Ne3 Bd7 42. Qc2 Nd8 43. g4 Qh7 44. Kg2 Nf7 45. Qe2 Kg7 46. Bg3 Nh8 47. Kg1
Ng6 48. Qh2 Qxh2+ 49. Kxh2 Ne7 50. Nf1 Ba4 51. Nd2 Bc2 52. Kg2 Kf7 53. Kf2 Ke8
54. Ke3 Kd7 55. Kf2 Kc8 56. Ke3 Kb7 57. Kf2 Ka6 58. Ke3 Nc8 59. Kf2 Na7 60. Ke3
b5 61. Be1 Ba4 62. Kf2 c5 63. Ke3 b4 64. Kd3 Bd1 65. cxb4 axb4 66. Ke3 Ka5 67.
Nb3+ Ka4 68. Bd2 Bxb3 69. axb3+ Kxb3 70. Kd3 Nc8 71. Bc1 Nb6 72. Bd2 Nxc4 73.
Bc1 Na3 74. Be3 c4+ 75. Ke2 c3 76. Kd1 Nc4 77. Bc1 c2+ 78. Ke2 Kc3 79. Kf2 b3
0-1

[Event "XXIX Memorial Edoardo Crespi B"]
[Site "Milano ITA"]
[Date "2008.12.06"]
[Round "3"]
[White "Fornasir, Carlo Gustavo"]
[Black "Scarpellini, Felice"]
[Result "0-1"]
[WhiteElo "1919"]
[BlackElo "1849"]
[PlyCount "67"]
[EventDate "2008.12.04"]

1. e4 d6 2. d4 g6 3. Nf3 Bg7 4. Bc4 e6 5. Nc3 Ne7 6. Bf4 O-O 7. Qd2 c6 8. h4 d5
9. exd5 exd5 10. Be2 Bg4 11. Bh6 Nf5 12. Bxg7 Kxg7 13. g3 Re8 14. O-O-O Nd7 15.
Qf4 h5 16. Rhe1 b5 17. Ng5 Bxe2 18. Nxe2 Qa5 19. Kb1 Re7 20. g4 hxg4 21. Qxg4
Nf6 22. Qf4 Rae8 23. Qd2 Qxd2 24. Rxd2 Nxd4 25. Rxd4 Rxe2 26. Rf1 Rxf2 27. Rg1
Ree2 28. Rc1 Ne4 29. Nh3 Rh2 30. Ng1 Ref2 31. a4 a6 32. axb5 axb5 33. Rd3 Rxh4
34. Nf3 0-1